Country Shapes Crystal Ball - Statistics

General Stats
  • This quiz has been taken 994 times
  • The average score is 13 of 18
Answers on the Map
Answers color-coded by a green-red scale on the quiz's map according to % correct below.
 
Answer Stats
Country % Correct
Japan
86%
Egypt
85%
Indonesia
85%
New Zealand
85%
Canada
84%
United States
84%
Croatia
83%
D. R. Congo
83%
Germany
83%
Peru
83%
South Africa
83%
Denmark
82%
Iceland
81%
Laos
81%
Oman
81%
Chad
80%
Greece
80%
North Korea
80%
Papua New Guinea
80%
Spain
80%
Austria
79%
Cuba
79%
Ethiopia
79%
Libya
79%
Monaco
79%
Mongolia
79%
Sri Lanka
79%
Cyprus
78%
India
78%
Ireland
78%
Kazakhstan
78%
Netherlands
78%
Portugal
78%
Equatorial Guinea
77%
Finland
77%
France
77%
Gabon
77%
Morocco
77%
Sudan
77%
Taiwan
77%
Turkey
77%
Vietnam
77%
Chile
76%
Moldova
76%
Nepal
76%
Panama
76%
Philippines
76%
Russia
76%
United Kingdom
76%
Israel
75%
Vatican City
75%
Algeria
74%
Bosnia and Herzegovina
74%
Namibia
74%
Senegal
74%
South Korea
74%
Tunisia
74%
Yemen
74%
Australia
73%
China
73%
Gambia
73%
Iraq
73%
Mali
73%
Mozambique
73%
Romania
73%
Somalia
73%
Sweden
73%
Switzerland
73%
Ukraine
73%
Uzbekistan
73%
Angola
72%
Bangladesh
72%
Benin
72%
Italy
72%
Mauritania
72%
Myanmar
72%
Slovakia
72%
Thailand
72%
Czech Republic
71%
Eritrea
71%
Iran
71%
United Arab Emirates
71%
Brazil
70%
Haiti
70%
Niger
70%
Norway
70%
Tajikistan
70%
Zambia
70%
Afghanistan
69%
Kosovo
69%
Mexico
69%
Pakistan
69%
Saudi Arabia
69%
Albania
68%
Argentina
68%
Costa Rica
68%
Ghana
68%
Ivory Coast
68%
Jordan
68%
Nigeria
68%
Venezuela
68%
Colombia
67%
Malaysia
67%
Paraguay
67%
Poland
67%
Bolivia
66%
Latvia
66%
Madagascar
66%
Togo
66%
Belarus
65%
Burkina Faso
65%
Hungary
65%
Kuwait
65%
Malawi
65%
Slovenia
65%
East Timor
64%
Georgia
64%
Honduras
64%
Luxembourg
64%
Nicaragua
64%
Cameroon
63%
Kyrgyzstan
63%
Rep. of the Congo
63%
Serbia
63%
South Sudan
63%
Syria
63%
Azerbaijan
62%
Botswana
62%
Guatemala
62%
Liberia
62%
Jamaica
61%
Trinidad and Tobago
61%
Armenia
60%
Guyana
60%
Lithuania
60%
Singapore
60%
Belize
59%
Bulgaria
59%
Brunei
58%
Ecuador
58%
Guinea-Bissau
58%
Belgium
56%
Estonia
56%
Dominican Republic
55%
Guinea
55%
Tanzania
55%
Turkmenistan
55%
Central African Republic
54%
Kenya
54%
Zimbabwe
53%
El Salvador
51%
Montenegro
51%
Burundi
49%
Djibouti
47%
Lebanon
46%
Sierra Leone
44%
Uganda
43%
Uruguay
43%
Qatar
42%
Bahrain
41%
No matching quizzes found
Score Distribution
Percent of People with Each Score
Percentile by Number Answered
Your Score History
You have not taken this quiz